000 00462nam a2200193Ia 4500
005 20240823014612.0
008 240823s9999||||xx |||||||||||||| ||und||
020 _a007-124083-7
041 _aENGLISH
082 _A005.1 P5
100 _a"Pressman,Roger S"
245 0 _aSoftware Engineering
250 _a6th
260 _c2005
_b"McGraw Hill, London,"
500 _aYES
650 _aSoftware
_bInformation Technology
942 _cBK
999 _c170462
_d170462